ბათუმის შოთა რუსთაველის სახელმწიფო უნივერსიტეტის ბიბლიოთეკა

Hospitality Information Sustems and E-Commerce / (ბიბ.ჩანაწერი № 45407)

000 -LEADER
fixed length control field 00770nam a2200217Ia 4500
001 - CONTROL NUMBER
control field 12231
003 - CONTROL NUMBER IDENTIFIER
control field GE_BSU
005 - DATE AND TIME OF LATEST TRANSACTION
control field 20221117160726.0
008 - FIXED-LENGTH DATA ELEMENTS--GENERAL INFORMATION
fixed length control field 181216s2006en xx |||||||||||||| ||eng||
020 ## - INTERNATIONAL STANDARD BOOK NUMBER
International Standard Book Number 0471478490 x
040 ## - CATALOGING SOURCE
Transcribing agency GE_BSU
041 ## - LANGUAGE CODE
Language code of text/sound track or separate title eng
080 ## - UNIVERSAL DECIMAL CLASSIFICATION NUMBER
Universal Decimal Classification number 338.48 T-38
100 ## - MAIN ENTRY--PERSONAL NAME
Personal name Resone,D.V.
9 (RLIN) 15904
245 ## - TITLE STATEMENT
Title Hospitality Information Sustems and E-Commerce /
Statement of responsibility, etc. D.V. Resone.
264 ## - PRODUCTION, PUBLICATION, DISTRIBUTION, MANUFACTURE, AND COPYRIGHT NOTICE
Place of production, publication, distribution, manufacture Canada:
Name of producer, publisher, distributor, manufacturer Hoboken,N,J.Wiley,
Date of production, publication, distribution, manufacture, or copyright notice 2006.
300 ## - PHYSICAL DESCRIPTION
Extent 286 p.:
Other physical details ill;
Dimensions 24 cm.
653 ## - INDEX TERM--UNCONTROLLED
keyword Hospitality Information Sustems and E-Commerce.
653 ## - INDEX TERM--UNCONTROLLED
keyword სტუმართმოყვარეობის საინფორმაციო სისტემები და ელექტრონული კომერცია.
942 ## - ADDED ENTRY ELEMENTS (KOHA)
Koha item type წიგნი
Source of classification or shelving scheme
ეგზემპლარები
Withdrawn status Lost status Source of classification or shelving scheme Damaged status Not for loan Permanent Location Current Location Shelving location Date acquired Cost, normal purchase price Full call number Barcode Date last seen Copy number Price effective from Koha item type Public note
          ბათუმის შოთა რუსთაველის სახელმწიფო უნივერსიტეტის მთავარი ბიბლიოთეკა ბათუმის შოთა რუსთაველის სახელმწიფო უნივერსიტეტის მთავარი ბიბლიოთეკა წიგნსაცავი 2018-12-17 147.00 338.48 T-38 36004 2018-12-17 36004 2018-12-17 წიგნი 147ლ.